书目信息 |
| 题名: |
广告策划
|
|
| 作者: | 马春辉 主编 | |
| 分册: | ||
| 出版信息: | 长沙 中南大学出版社 2009 |
|
| 页数: | 272页 | |
| 开本: | 23cm | |
| 丛书名: | ||
| 单 册: | ||
| 中图分类: | F713.81 | |
| 科图分类: | ||
| 主题词: | 广告--策划--教材 , 广告 , 策划 | |
| 电子资源: | ||
| ISBN: | 978-7-81105-857-4 | |
| 000 | 00847nam0 2200265 45 | |
| 001 | 1130240922 | |
| 005 | 20110309090719.56 | |
| 010 | @a978-7-81105-857-4@dCNY35.00 | |
| 100 | @a20110123d2009 em y0chiy50 ea | |
| 101 | 0 | @achi |
| 102 | @aCN@b430000 | |
| 105 | @ay z 000yy | |
| 106 | @ar | |
| 200 | 1 | @a广告策划@AGuang Gao Ce Hua@f马春辉主编@FMa Chun Hui Zhu Bian |
| 210 | @a长沙@c中南大学出版社@d2009 | |
| 215 | @a272页@d23cm | |
| 300 | @a广告学特色专业系列教材/吴予敏,李新立总主编 | |
| 330 | @a本书共十二章,内容包括:广告策划概述、广告策划的理论依据、产品认识与定位、市场调查与分析、广告创意、广告战略策划等。 | |
| 606 | 0 | @a广告@x策划@j教材 |
| 606 | 0 | @a广告 |
| 606 | 0 | @a策划 |
| 690 | @aF713.81@v4 | |
| 701 | 0 | @a马春辉@AMa Chun Hui@f(1963~)@4主编 |
| 801 | 0 | @aCN@bTANGWEI@c20110309 |
| 905 | @b0530848-51@dF713.81@e536@f4 | |
| 广告策划/马春辉主编.-长沙:中南大学出版社,2009 |
| 272页;23cm |
| 广告学特色专业系列教材/吴予敏,李新立总主编 |
| ISBN 978-7-81105-857-4:CNY35.00 |
| 本书共十二章,内容包括:广告策划概述、广告策划的理论依据、产品认识与定位、市场调查与分析、广告创意、广告战略策划等。 |
| ● |
| 相关链接 |
|
|
|
|
正题名:广告策划
索取号:F713.81/536
 
预约/预借
| 序号 | 登录号 | 条形码 | 馆藏地/架位号 | 状态 | 备注 |
| 1 | 0530848 | 205308488 | 第一样本阅览室/ [索取号:F713.81/536] | 在馆 | |
| 2 | 0530850 | 205308503 | 密集书库-文学院/ [索取号:F713.81/536] | 在馆 | |
| 3 | 0530851 | 205308512 | 第一借阅区/ [索取号:F713.81/536] | 在馆 | |
| 4 | 2530849 | 205308497 | 第一借阅区/ [索取号:F713.81/536] | 在馆 |